00458 2200181 4500001002100000005001500021008004100036020002200077035001900099082000800118090001400126100001900140245002300159250001000182260004500192300002000237990001900257INLIS00000000002026720241224115846241224||||||||| | ||| |||| ||  a978-979-22-8016-6 0010-12240202670 a813 a813 ALL p0 aIsabel Allende00apotret warna sepia aCet.1 aJakartabpt gramedia pustaka utamac2012 a406 hlm.; 20 cm a05.17.01.05.04